Statistics for NBA Sixth Man Award Winners

Click here to take the quiz!

General Stats

  • This quiz has been taken 16 times
  • The average score is 11 of 40

Answer Stats

HintAnswer% Correct
2010Jamal Crawford
73%
2016Jamal Crawford
73%
2014Jamal Crawford
73%
2008Manu Ginobili
73%
2019Lou Williams
64%
2018Lou Williams
64%
2015Lou Williams
64%
2023Malcolm Brogdon
55%
1993Cliff Robinson
45%
2021Jordan Clarkson
45%
2003Bobby Jackson
36%
1989Eddie Johnson
36%
2012James Harden
36%
2022Tyler Herro
36%
2011Lamar Odom
27%
1995Anthony Mason
18%
1986Bill Walton
18%
2002Corliss Williamson
18%
1994Dell Curry
18%
2009Jason Terry
18%
2013J.R. Smith
18%
1985Kevin McHale
18%
1984Kevin McHale
18%
2007Leandro Barbosa
18%
2020Montrezl Harrell
18%
1990Ricky Pierce
18%
1987Ricky Pierce
18%
1996Toni Kukoc
18%
2001Aaron McKie
9%
2004Antawn Jamison
9%
2005Ben Gordon
9%
1998Danny Manning
9%
1999Darrell Armstrong
9%
1992Detlef Schrempf
9%
1991Detlef Schrempf
9%
2017Eric Gordon
9%
1997John Starks
9%
2006Mike Miller
9%
2000Rodney Rogers
9%
1988Roy Tarpley
9%

Score Distribution

Percentile by Number Answered

Percent of People with Each Score

Your Score History

You have not taken this quiz